[Event "DEN-chT XtraCon 2018-19"]
[Site "Denmark"]
[Date "2018.12.09"]
[Round "4"]
[White "Sahl, Bjarke"]
[Black "Borge, Nikolaj"]
[Result "1/2-1/2"]
[WhiteElo "2311"]
[BlackElo "2376"]
[Annotator "NA"]
[PlyCount "61"]
[EventDate "2018.10.27"]
[EventType "team-tourn"]
[EventCountry "DEN"]
[SourceTitle "playchess.com"]
[Source "ChessBase"]
[SourceQuality "1"]
[TimeControl "40/5400+30:1800+30"]

1. d4 {[%emt 0:00:00]} Nf6 {[%emt 0:00:32]} 2. c4 {[%emt 0:00:07]} g6 {[%emt 0:02:21]} 3. Nc3 {[%emt 0:00:18]} Bg7 {[%emt 0:00:14]} 4. e4 {[%emt 0:00:08]} d6 {[%emt 0:00:30]} 5. Nf3 {[%emt 0:00:06]} O-O {[%emt 0:00:43]} 6. Be2 {[%emt 0:00:07]} e5 {[%emt 0:03:04]} 7. O-O {[%emt 0:02:22]} Nc6 {[%emt 0:05:12]} 8. d5 {[%emt 0:00:25]} Ne7 {[%emt 0:00:05]} 9. b4 {[%emt 0:00:26]} Nh5 {[%emt 0:02:58]} 10. Re1 {[%emt 0:01:08]} f5 {[%emt 0:06:10]} 11. c5 {[%emt 0:15:03]} Kh8 {[%emt 0:15:07]} 12. Bc4 {[%emt 0:19:03]} h6 {[%emt 0:15:25]} 13. a4 {[%emt 0:06:20]} Ng8 {[%emt 0:17:26]} 14. Ra3 {[%emt 0:05:34]} a5 {[%emt 0:04:11]} 15. b5 {[%emt 0:06:05]} dxc5 {[%emt 0:06:41]} 16. exf5 {[%emt 0:06:44]} Bxf5 {[%emt 0:00:33]} 17. Ne4 {[%emt 0:01:52]} Qe7 {[%emt 0:07:22]} 18. Rae3 {[%emt 0:05:55]} Rae8 {[%emt 0:01:10]} 19. Bb2 {[%emt 0:03:55]} b6 {[%emt 0:01:26]} 20. d6 {[%emt 0:16:25]} cxd6 {[%emt 0:03:43]} 21. Nxd6 {[%emt 0:00:11]} Rd8 {[%emt 0:01:43]} 22. Nxf5 {[%emt 0:00:22]} gxf5 {[%emt 0:00:38]} 23. Qa1 {[%emt 0:04:41]} e4 {[%emt 0:00:26]} 24. Ne5 {[%emt 0:00:33]} Kh7 {[%emt 0:01:06]} 25. Nc6 {[%emt 0:01:01]} Bxb2 {[%emt 0:01:09]} 26. Qxb2 {[%emt 0:00:17]} Qg5 {[%emt 0:00:33]} 27. Nxd8 {[%emt 0:01:07]} Rxd8 {[%emt 0:00:08]} 28. Qe5 {[%emt 0:00:32]} Rd4 {[%emt 0:01:54]} 29. h4 {[%emt 0:01:38]} Qf6 {[%emt 0:01:16]} 30. Bxg8+ {[%emt 0:00:07]} Kxg8 {[%emt 0:00:00]} 31. Qe8+ {[%emt 0:00:06]} 1/2-1/2

[Event "DEN-chT XtraCon 2018-19"]
[Site "Denmark"]
[Date "2018.12.09"]
[Round "4"]
[White "Kristensen, Leif"]
[Black "Hoi, Carsten"]
[Result "1/2-1/2"]
[WhiteElo "2310"]
[BlackElo "2381"]
[Annotator "NA"]
[PlyCount "48"]
[EventDate "2018.10.27"]
[EventType "team-tourn"]
[EventCountry "DEN"]
[SourceTitle "playchess.com"]
[Source "ChessBase"]
[SourceQuality "1"]
[TimeControl "40/5400+30:1800+30"]

1. e4 {[%emt 0:00:42]} g6 {[%emt 0:02:15]} 2. d4 {[%emt 0:00:38]} Bg7 {[%emt 0:00:28]} 3. Nc3 {[%emt 0:01:19]} d6 {[%emt 0:00:53]} 4. Be3 {[%emt 0:01:27]} c6 {[%emt 0:01:34]} 5. Qd2 {[%emt 0:06:12]} b5 {[%emt 0:00:53]} 6. a3 {[%emt 0:09:18]} a6 {[%emt 0:04:46]} 7. f3 {[%emt 0:02:02]} Nd7 {[%emt 0:02:35]} 8. h4 {[%emt 0:01:38]} h5 {[%emt 0:05:32]} 9. Nh3 {[%emt 0:06:09]} Nb6 {[%emt 0:04:10]} 10. Ng5 {[%emt 0:04:47]} Nf6 {[%emt 0:03:26]} 11. b3 {[%emt 0:03:42]} O-O {[%emt 0:08:44]} 12. Rd1 {[%emt 0:05:26]} Qc7 {[%emt 0:03:48]} 13. Be2 {[%emt 0:01:05]} a5 {[%emt 0:04:26]} 14. O-O {[%emt 0:08:54]} Nh7 {[%emt 0:03:38]} 15. Nxh7 {[%emt 0:07:24]} Kxh7 {[%emt 0:00:27]} 16. f4 {[%emt 0:01:47]} b4 {[%emt 0:04:37]} 17. Nb1 {[%emt 0:03:41]} f5 {[%emt 0:17:44]} 18. Bf3 {[%emt 0:08:20]} fxe4 {[%emt 0:10:48]} 19. Bxe4 {[%emt 0:00:07]} Nd5 {[%emt 0:01:55]} 20. c4 {[%emt 0:02:29]} Nf6 {[%emt 0:02:38]} 21. Bd3 {[%emt 0:03:10]} Bf5 {[%emt 0:00:46]} 22. axb4 {[%emt 0:01:27]} axb4 {[%emt 0:00:09]} 23. Qxb4 {[%emt 0:07:50]} Rfb8 {[%emt 0:01:18]} 24. Qc3 {[%emt 0:00:43]} Ng4 {[%emt 0:04:35]} 1/2-1/2

[Event "DEN-chT XtraCon 2018-19"]
[Site "Denmark"]
[Date "2018.12.09"]
[Round "4"]
[White "Hove, Esben Kjems"]
[Black "Tikkanen, Hans"]
[Result "1/2-1/2"]
[WhiteElo "2300"]
[BlackElo "2519"]
[Annotator "TA"]
[PlyCount "95"]
[EventDate "2018.10.27"]
[EventType "team-tourn"]
[EventCountry "DEN"]
[SourceTitle "playchess.com"]
[Source "ChessBase"]
[SourceQuality "1"]

{[%evp 18,95,3,-6,50,0,11,6,54,9,44,44,56,45,75,56,64,70,82,87,79,73,91,9,16,0,26,16,12,0,0,0,0,2,18,25,68,-7,0,-35,44,49,45,37,46,18,14,14,22,16,15,14,41,28,23,20,33,16,44,22,33,10,10,10,13,0,0,0,0,0,0,0,12,10,13,0,0,0,0,0]} 1. d4 Nf6 2. Nf3 g6 3. g3 Bg7 4. Bg2 O-O 5. O-O d6 6. c4 c6 7. Nc3 Nbd7 8. h3 e5 9. dxe5 dxe5 10. Be3 {LiveBook: 70 Games} Qc7 {E67: King's Indian: Fianchetto: 6...Nbd7} (10... Nh5 $11) (10... Qe7 11. Qd2 Nc5 12. Bh6 Nfe4 13. Nxe4 Nxe4 14. Qe3 Bxh6 15. Qxh6 Qc5 16. Qh4 Bf5 17. b4 Qxb4 18. Nxe5 Nc3 19. e4 {½-½ (50) Plat,V (2522)-Kovalev,V (2629) Minsk 2017}) 11. Qc1 Re8 12. Rd1 a5 $146 ({Predecessor:} 12... Bf8 13. Ng5 h6 14. Nge4 Kh7 15. c5 Re6 16. Rb1 Nxe4 17. Nxe4 f5 18. Nd6 Nf6 19. Qc4 Bd7 20. Rd2 Be7 21. Rbd1 b5 22. cxb6 axb6 23. Nb5 Qd8 24. Rxd7 Nxd7 25. Qxe6 {1-0 (25) Tarini,G (2072)-Kalyani,B (1656) Haryana 2018}) 13. Nd2 Bf8 14. Na4 b6 15. Nb3 Ba6 16. Qc2 Rab8 17. Rac1 Re6 18. c5 {[#] Black must now prevent cxb6.} b5 19. Nb6 $1 a4 20. Nxd7 ({White should try} 20. Na5 $16) 20... Nxd7 $11 21. Nd2 Nf6 22. Nf3 h6 23. Ne1 b4 24. Qxa4 Bxe2 25. Rd2 Bb5 $1 {[%cal Rb5a4]} 26. Qxb4 Qa7 27. Qb3 (27. Nc2 $14) 27... Bf1 $1 28. Qb6 Qxb6 ({Better is} 28... Rxb6 $15 29. cxb6 Qxa2 30. Bxf1 Qa8) 29. cxb6 $14 Bxg2 30. Kxg2 Nd5 31. Bc5 Bxc5 32. Rxc5 Rxb6 33. b3 Kf8 34. Nc2 Ke7 35. Ra5 f5 36. Ne3 Nxe3+ 37. fxe3 $11 {[%mdl 4096] Endgame KRR-KRR} Rb7 38. Kf2 Rd7 39. Rc2 Rd1 {The position is equal.} 40. Ra7+ Kd8 41. Ra5 Kc7 42. Rac5 e4 43. b4 Kb6 44. a4 {[%cal Ba2a4,Ba4a5][%mdl 32]} Red6 45. a5+ Kb7 46. b5 cxb5 47. Rxb5+ Ka6 48. Rbc5 {Accuracy: White = 56%, Black = 55%.} 1/2-1/2

[Event "DEN-chT XtraCon 2018-19"]
[Site "Denmark"]
[Date "2018.12.09"]
[Round "4"]
[White "Bank, Pelle"]
[Black "Skytte, Rasmus"]
[Result "1/2-1/2"]
[WhiteElo "2298"]
[BlackElo "2383"]
[Annotator "ChessBase"]
[PlyCount "79"]
[EventDate "2018.10.27"]
[EventType "team-tourn"]
[EventCountry "DEN"]
[SourceTitle "playchess.com"]
[Source "ChessBase"]
[SourceQuality "1"]
[TimeControl "40/5400+30:1800+30"]

1. d4 {[%emt 0:00:00]} e6 {[%emt 0:03:03]} 2. c3 {[%emt 0:04:17]} d5 {[%emt 0:03:19]} 3. Bf4 {[%emt 0:00:17]} Bd6 {[%emt 0:03:48]} 4. Bg3 {[%emt 0:00:20]} Nf6 {[%emt 0:00:41]} 5. Nd2 {[%emt 0:00:33]} O-O {[%emt 0:04:25]} 6. e3 {[%emt 0:00:43]} b6 {[%emt 0:02:53]} 7. Ngf3 {[%emt 0:02:26]} Bb7 {[%emt 0:00:27]} 8. Ne5 {[%emt 0:11:01]} c5 {[%emt 0:02:19]} 9. Bd3 {[%emt 0:10:07]} Nc6 {[%emt 0:02:51]} 10. O-O {[%emt 0:10:12]} Qc7 {[%emt 0:08:06]} 11. f4 {[%emt 0:03:57]} Ne7 {[%emt 0:03:18]} 12. Qb1 {[%emt 0:06:56]} Ng6 {[%emt 0:11:09]} 13. Rf3 {[%emt 0:03:16]} a5 {[%emt 0:08:37]} 14. Be1 {[%emt 0:15:34]} Ba6 {[%emt 0:04:30]} 15. Nxg6 {[%emt 0:21:00]} fxg6 {[%emt 0:03:50]} 16. Bxa6 {[%emt 0:00:20]} Rxa6 {[%emt 0:00:07]} 17. Bh4 Ng4 {[%emt 0:03:37]} 18. Qd3 {[%emt 0:02:19]} Raa8 {[%emt 0:00:45]} 19. h3 {[%emt 0:02:00]} Nh6 {[%emt 0:02:56]} 20. Rff1 {[%emt 0:01:04]} Rac8 {[%emt 0:03:36]} 21. Nf3 {[%emt 0:01:51]} Nf5 22. Bf2 Ne7 {[%emt 0:13:21]} 23. Rad1 {[%emt 0:01:49]} c4 {[%emt 0:05:12]} 24. Qc2 {[%emt 0:00:11]} b5 {[%emt 0:00:20]} 25. h4 {[%emt 0:01:20]} Qd7 {[%emt 0:01:24]} 26. g4 {[%emt 0:00:10]} e5 {[%emt 0:03:28]} 27. Nxe5 {[%emt 0:00:04]} Bxe5 {[%emt 0:00:08]} 28. dxe5 {[%emt 0:00:03]} Qxg4+ {[%emt 0:00:27]} 29. Kh2 {[%emt 0:00:09]} Nf5 {[%emt 0:02:21]} 30. Rxd5 {[%emt 0:00:17]} Nxh4 {[%emt 0:01:22]} 31. Bxh4 {[%emt 0:00:02]} Qxh4+ {[%emt 0:00:06]} 32. Kg2 {[%emt 0:00:26]} Qg4+ {[%emt 0:00:52]} 33. Kf2 {[%emt 0:00:17]} g5 {[%emt 0:01:12]} 34. Rh1 {[%emt 0:01:00]} g6 {[%emt 0:01:23]} 35. Qd1 {[%emt 0:00:51]} Qxd1 {[%emt 0:01:01]} 36. Rhxd1 {[%emt 0:01:18]} gxf4 {[%emt 0:00:27]} 37. exf4 {[%emt 0:00:10]} Rxf4+ {[%emt 0:00:08]} 38. Kg3 {[%emt 0:00:11]} Rcf8 {[%emt 0:00:48]} 39. Rxb5 {[%emt 0:00:36]} h5 {[%emt 0:00:35]} 40. Rd7 {[%emt 0:01:03]} 1/2-1/2

[Event "DEN-chT XtraCon 2018-19"]
[Site "Denmark"]
[Date "2018.12.09"]
[Round "4"]
[White "Palm, Nikolaj"]
[Black "Firooznia, Farzam"]
[Result "1/2-1/2"]
[WhiteElo "2281"]
[BlackElo "2094"]
[Annotator "NA"]
[PlyCount "65"]
[EventDate "2018.10.27"]
[EventType "team-tourn"]
[EventCountry "DEN"]
[SourceTitle "playchess.com"]
[Source "ChessBase"]
[SourceQuality "1"]
[TimeControl "40/5400+30:1800+30"]

1. d4 {[%emt 0:00:00]} Nf6 {[%emt 0:00:00]} 2. Nf3 {[%emt 0:00:18]} d5 {[%emt 0:01:29]} 3. c4 {[%emt 0:01:06]} c6 {[%emt 0:03:50]} 4. cxd5 {[%emt 0:00:22]} cxd5 {[%emt 0:00:12]} 5. Nc3 {[%emt 0:00:06]} g6 {[%emt 0:03:04]} 6. Bf4 {[%emt 0:01:21]} Nc6 {[%emt 0:01:30]} 7. Rc1 {[%emt 0:00:44]} Bg7 {[%emt 0:02:59]} 8. e3 {[%emt 0:02:34]} a6 {[%emt 0:00:48]} 9. Be2 {[%emt 0:08:37]} Nh5 {[%emt 0:03:29]} 10. Bg5 {[%emt 0:02:02]} h6 {[%emt 0:01:29]} 11. Bh4 {[%emt 0:00:08]} g5 {[%emt 0:00:49]} 12. Bg3 {[%emt 0:02:23]} Nxg3 {[%emt 0:08:25]} 13. hxg3 {[%emt 0:00:27]} Rb8 {[%emt 0:06:14]} 14. O-O {[%emt 0:08:58]} Bf5 {[%emt 0:02:14]} 15. Na4 {[%emt 0:06:35]} Qd6 {[%emt 0:09:08]} 16. Nc5 {[%emt 0:17:24]} O-O {[%emt 0:04:43]} 17. Qd2 Rfc8 {[%emt 0:13:53]} 18. Nxb7 {[%emt 0:16:43]} Rxb7 {[%emt 0:01:50]} 19. Bxa6 {[%emt 0:00:08]} Rcb8 {[%emt 0:04:56]} 20. Bxb7 {[%emt 0:00:09]} Rxb7 {[%emt 0:00:05]} 21. a3 {[%emt 0:07:21]} e5 {[%emt 0:11:33]} 22. b4 {[%emt 0:05:45]} exd4 {[%emt 0:00:53]} 23. Nxd4 {[%emt 0:00:36]} Nxd4 {[%emt 0:07:22]} 24. exd4 {[%emt 0:00:02]} Ra7 {[%emt 0:01:25]} 25. Rc3 {[%emt 0:01:26]} Qb6 {[%emt 0:00:38]} 26. Rd1 {[%emt 0:00:27]} Bg4 {[%emt 0:01:13]} 27. f3 {[%emt 0:00:14]} Bf5 {[%emt 0:01:09]} 28. g4 {[%emt 0:00:53]} Be6 {[%emt 0:01:35]} 29. Qe3 {[%emt 0:02:32]} Rb7 {[%emt 0:02:37]} 30. g3 {[%emt 0:01:40]} Ra7 {[%emt 0:02:47]} 31. Kg2 {[%emt 0:00:24]} Rb7 {[%emt 0:00:15]} 32. Rd2 {[%emt 0:00:51]} Ra7 {[%emt 0:02:06]} 33. Qd3 {[%emt 0:09:26]} 1/2-1/2

[Event "DEN-chT XtraCon 2018-19"]
[Site "Denmark"]
[Date "2018.12.09"]
[Round "4"]
[White "Jaksland, Tim"]
[Black "Jacobsen, Mikkel Manosri"]
[Result "1-0"]
[WhiteElo "2252"]
[BlackElo "2331"]
[Annotator "NA"]
[PlyCount "165"]
[EventDate "2018.10.27"]
[EventType "team-tourn"]
[EventCountry "DEN"]
[SourceTitle "playchess.com"]
[Source "ChessBase"]
[SourceQuality "1"]
[TimeControl "40/5400+30:1800+30"]

1. Nf3 {[%emt 0:00:00]} g6 {[%emt 0:00:00]} 2. d4 {[%emt 0:01:30]} Nf6 {[%emt 0:00:45]} 3. g3 {[%emt 0:02:11]} Bg7 {[%emt 0:02:46]} 4. Bg2 {[%emt 0:00:26]} c5 {[%emt 0:00:44]} 5. c3 {[%emt 0:09:24]} Qc7 {[%emt 0:09:26]} 6. O-O {[%emt 0:08:27]} b6 {[%emt 0:06:00]} 7. Ne5 {[%emt 0:16:04]} Bb7 {[%emt 0:02:41]} 8. Qb3 {[%emt 0:01:03]} O-O {[%emt 0:01:46]} 9. Bxb7 {[%emt 0:01:48]} Qxb7 {[%emt 0:00:09]} 10. dxc5 {[%emt 0:02:47]} Qe4 {[%emt 0:04:22]} 11. cxb6 {[%emt 0:01:49]} axb6 {[%emt 0:00:03]} 12. Nc4 {[%emt 0:16:16]} Qxe2 {[%emt 0:03:39]} 13. Nba3 {[%emt 0:04:02]} Nc6 {[%emt 0:09:15]} 14. Qd1 {[%emt 0:09:54]} Qe6 {[%emt 0:05:40]} 15. Re1 {[%emt 0:01:08]} Qh3 {[%emt 0:01:59]} 16. f3 {[%emt 0:00:25]} d5 {[%emt 0:09:29]} 17. Nxb6 {[%emt 0:05:04]} Rad8 {[%emt 0:00:44]} 18. Qa4 {[%emt 0:03:01]} Rd6 {[%emt 0:03:02]} 19. Nb5 {[%emt 0:01:40]} Re6 {[%emt 0:01:40]} 20. Bf4 {[%emt 0:02:09]} g5 {[%emt 0:06:13]} 21. Rxe6 {[%emt 0:05:38]} fxe6 {[%emt 0:12:15]} 22. Nc7 {[%emt 0:01:15]} gxf4 {[%emt 0:00:36]} 23. Qxc6 {[%emt 0:00:08]} Rb8 {[%emt 0:13:46]} 24. Na4 {[%emt 0:01:14]} e5 {[%emt 0:02:06]} 25. Qe6+ {[%emt 0:00:59]} Qxe6 {[%emt 0:00:34]} 26. Nxe6 {[%emt 0:00:01]} Bh6 {[%emt 0:02:26]} 27. gxf4 {[%emt 0:00:24]} Bxf4 {[%emt 0:00:18]} 28. Re1 {[%emt 0:01:43]} Kf7 {[%emt 0:00:35]} 29. Nxf4 {[%emt 0:00:54]} exf4 {[%emt 0:00:02]} 30. b3 {[%emt 0:00:12]} Ra8 {[%emt 0:00:28]} 31. Re2 {[%emt 0:00:17]} Nd7 {[%emt 0:00:13]} 32. Rd2 {[%emt 0:00:30]} Ra5 {[%emt 0:00:41]} 33. Kf2 {[%emt 0:00:55]} e5 {[%emt 0:00:13]} 34. Rd1 {[%emt 0:01:18]} Nf6 {[%emt 0:00:43]} 35. Rg1 {[%emt 0:01:00]} Ra8 {[%emt 0:00:15]} 36. Rg5 {[%emt 0:00:51]} Nd7 {[%emt 0:00:26]} 37. Ke2 {[%emt 0:00:36]} Kf6 {[%emt 0:00:09]} 38. Rg1 {[%emt 0:00:24]} e4 {[%emt 0:00:10]} 39. Rg4 {[%emt 0:00:24]} h5 {[%emt 0:00:41]} 40. Rxf4+ {[%emt 0:00:47]} Ke5 {[%emt 0:01:12]} 41. Rf7 {[%emt 0:02:47]} Nf6 {[%emt 0:00:03]} 42. Rg7 {[%emt 0:08:27]} Rf8 {[%emt 0:01:14]} 43. fxe4 {[%emt 0:04:23]} Nxe4 {[%emt 0:00:46]} 44. Ke3 {[%emt 0:01:53]} Rf1 {[%emt 0:01:58]} 45. Rg2 {[%emt 0:07:50]} h4 {[%emt 0:02:37]} 46. b4 {[%emt 0:01:26]} h3 {[%emt 0:02:24]} 47. Rb2 {[%emt 0:00:43]} Nd6 {[%emt 0:00:39]} 48. Nb6 {[%emt 0:01:08]} Nf5+ {[%emt 0:00:21]} 49. Kd3 {[%emt 0:00:50]} Rf3+ {[%emt 0:00:09]} 50. Kc2 {[%emt 0:04:30]} d4 {[%emt 0:01:57]} 51. cxd4+ {[%emt 0:01:35]} Nxd4+ {[%emt 0:01:53]} 52. Kd1 {[%emt 0:00:49]} Rf1+ {[%emt 0:00:58]} 53. Kd2 {[%emt 0:00:04]} Ke4 {[%emt 0:01:33]} 54. Nc4 {[%emt 0:00:41]} Rh1 {[%emt 0:01:04]} 55. Nd6+ {[%emt 0:00:52]} Kd5 {[%emt 0:00:01]} 56. Kd3 {[%emt 0:00:30]} Rd1+ {[%emt 0:01:58]} 57. Rd2 {[%emt 0:00:42]} Rf1 {[%emt 0:00:07]} 58. Nc4 {[%emt 0:00:12]} Rb1 {[%emt 0:02:15]} 59. Ne3+ {[%emt 0:00:10]} Ke5 {[%emt 0:00:05]} 60. Ng4+ {[%emt 0:00:27]} Kd5 {[%emt 0:00:43]} 61. Kc3 {[%emt 0:00:24]} Rc1+ {[%emt 0:00:05]} 62. Kb2 {[%emt 0:00:05]} Re1 {[%emt 0:01:23]} 63. Nf2 {[%emt 0:01:16]} Re3 {[%emt 0:00:48]} 64. Ng4 {[%emt 0:00:30]} Re6 {[%emt 0:01:41]} 65. Kc3 {[%emt 0:00:26]} Rc6+ {[%emt 0:00:14]} 66. Kd3 {[%emt 0:00:11]} Nf3 {[%emt 0:02:17]} 67. Rf2 {[%emt 0:00:17]} Ne1+ {[%emt 0:00:18]} 68. Ke2 {[%emt 0:00:33]} Ng2 {[%emt 0:00:41]} 69. Ne3+ {[%emt 0:00:31]} Ke4 {[%emt 0:00:34]} 70. Nxg2 {[%emt 0:00:42]} hxg2 {[%emt 0:00:14]} 71. Rxg2 {[%emt 0:00:18]} Rc2+ {[%emt 0:00:07]} 72. Kf1 {[%emt 0:00:09]} Rc1+ {[%emt 0:00:21]} 73. Kf2 {[%emt 0:00:04]} Kf4 {[%emt 0:00:27]} 74. h3 {[%emt 0:01:16]} Rc2+ {[%emt 0:01:27]} 75. Kg1 {[%emt 0:00:05]} Rc1+ {[%emt 0:00:02]} 76. Kh2 {[%emt 0:00:07]} Rb1 {[%emt 0:00:02]} 77. a3 {[%emt 0:01:08]} Ra1 {[%emt 0:00:06]} 78. Rb2 {[%emt 0:00:22]} Rxa3 {[%emt 0:00:19]} 79. b5 {[%emt 0:00:11]} Ra7 {[%emt 0:00:52]} 80. b6 {[%emt 0:00:05]} Rb7 {[%emt 0:00:04]} 81. Rb4+ {[%emt 0:00:21]} Kg5 {[%emt 0:01:47]} 82. Kg3 {[%emt 0:00:06]} Kh5 {[%emt 0:00:10]} 83. Kf4 {[%emt 0:00:36]} 1-0

[Event "DEN-chT XtraCon 2018-19"]
[Site "Denmark"]
[Date "2018.12.09"]
[Round "4"]
[White "Sobjerg, Erik"]
[Black "Ramsdal, Jens Albert"]
[Result "1/2-1/2"]
[WhiteElo "2252"]
[BlackElo "2246"]
[Annotator "NA"]
[PlyCount "80"]
[EventDate "2018.10.27"]
[EventType "team-tourn"]
[EventCountry "DEN"]
[SourceTitle "playchess.com"]
[Source "ChessBase"]
[SourceQuality "1"]
[TimeControl "40/5400+30:1800+30"]

1. Nf3 {[%emt 0:00:00]} Nf6 {[%emt 0:00:23]} 2. c4 {[%emt 0:00:00]} g6 {[%emt 0:00:03]} 3. Nc3 {[%emt 0:00:00]} Bg7 {[%emt 0:00:05]} 4. e4 {[%emt 0:00:00]} d6 {[%emt 0:00:04]} 5. d4 {[%emt 0:00:24]} O-O {[%emt 0:00:05]} 6. h3 {[%emt 0:00:19]} c5 {[%emt 0:00:08]} 7. Be3 {[%emt 0:00:06]} cxd4 {[%emt 0:00:32]} 8. Nxd4 {[%emt 0:00:09]} Nc6 {[%emt 0:01:32]} 9. Be2 {[%emt 0:00:28]} Bd7 {[%emt 0:00:48]} 10. O-O {[%emt 0:00:20]} Nxd4 {[%emt 0:00:14]} 11. Bxd4 {[%emt 0:00:23]} Bc6 {[%emt 0:00:06]} 12. Qc2 {[%emt 0:00:28]} a5 {[%emt 0:04:47]} 13. Rad1 {[%emt 0:01:30]} Nd7 {[%emt 0:00:10]} 14. Bxg7 {[%emt 0:00:09]} Kxg7 {[%emt 0:00:02]} 15. Bg4 {[%emt 0:01:05]} Rc8 {[%emt 0:27:28]} 16. Rfe1 {[%emt 0:20:00]} Rc7 {[%emt 0:05:47]} 17. Bxd7 {[%emt 0:11:16]} Rxd7 {[%emt 0:00:15]} 18. Nd5 {[%emt 0:01:08]} Bxd5 {[%emt 0:09:16]} 19. Rxd5 {[%emt 0:00:13]} f6 {[%emt 0:03:31]} 20. h4 {[%emt 0:08:03]} Rc7 {[%emt 0:07:10]} 21. Re3 {[%emt 0:06:23]} Qc8 {[%emt 0:06:21]} 22. b3 {[%emt 0:07:10]} Rc5 {[%emt 0:00:05]} 23. Qe2 {[%emt 0:03:30]} b6 {[%emt 0:08:09]} 24. f4 {[%emt 0:06:01]} Rf7 {[%emt 0:09:41]} 25. h5 {[%emt 0:04:53]} e5 {[%emt 0:02:29]} 26. hxg6 {[%emt 0:05:49]} hxg6 {[%emt 0:01:51]} 27. f5 {[%emt 0:03:23]} Rxd5 {[%emt 0:00:07]} 28. fxg6 {[%emt 0:01:08]} Rf8 {[%emt 0:00:40]} 29. Rh3 {[%emt 0:15:03]} Qxh3 {[%emt 0:00:05]} 30. gxh3 {[%emt 0:00:08]} Rd4 {[%emt 0:00:05]} 31. Qg4 {[%emt 0:01:07]} Rh8 {[%emt 0:07:13]} 32. h4 {[%emt 0:00:32]} f5 {[%emt 0:01:19]} 33. Qxf5 {[%emt 0:01:26]} Rxh4 {[%emt 0:00:02]} 34. Qf7+ {[%emt 0:00:31]} Kh6 {[%emt 0:00:05]} 35. Qh7+ {[%emt 0:01:12]} Kg5 {[%emt 0:00:01]} 36. Qe7+ {[%emt 0:01:23]} Kg4 {[%emt 0:02:07]} 37. g7 Rd1+ {[%emt 0:00:09]} 38. Kf2 {[%emt 0:02:11]} Rh2+ {[%emt 0:00:05]} 39. Ke3 {[%emt 0:00:05]} Re1+ {[%emt 0:01:18]} 40. Kd3 {[%emt 0:00:08]} Rd1+ {[%emt 0:01:18]} 1/2-1/2

[Event "DEN-chT XtraCon 2018-19"]
[Site "Denmark"]
[Date "2018.12.09"]
[Round "4"]
[White "Nielsen, Lars Aaes"]
[Black "Antonsen, Mikkel"]
[Result "1-0"]
[WhiteElo "2244"]
[BlackElo "2431"]
[Annotator "TA"]
[PlyCount "101"]
[EventDate "2018.10.27"]
[EventType "team-tourn"]
[EventCountry "DEN"]
[SourceTitle "playchess.com"]
[Source "ChessBase"]
[SourceQuality "1"]

{[%evp 27,101,0,0,0,0,0,0,0,0,-35,0,0,0,-26,-28,-22,-6,-20,0,0,7,10,15,8,7,8,8,0,0,0,0,0,0,0,0,0,0,0,0,0,0,0,0,0,0,0,0,0,0,0,0,0,0,0,0,0,33,47,379,404,565,554,1272,1153,6422,5485,29979,29980,29980,29981,29981,29982,29982,29983,29983,29984]} 1. e4 e5 2. Nf3 Nc6 3. d4 exd4 4. Bc4 Bc5 5. c3 Nf6 6. cxd4 Bb4+ 7. Bd2 Nxe4 8. Bxb4 Nxb4 9. Bxf7+ Kxf7 10. Qb3+ {C54: Giuoco Piano: 4 c3 Nf6, main lines with 5 d4 and 5 d3} Kf8 11. Qxb4+ Qe7 12. Qxe7+ Kxe7 13. O-O Nf6 14. Re1+ Kd8 {LiveBook: 19 Games} 15. Nc3 d6 16. Ng5 {Strongly threatening Nf7+.} Rf8 17. f3 {[#]} Bf5 $146 ({Predecessor:} 17... a5) 18. g4 Bd7 19. Kg2 h6 20. Ne6+ Bxe6 $1 21. Rxe6 Kd7 22. Rae1 {Black should prevent Re7+.} Rae8 23. Rxe8 Rxe8 24. Rxe8 Nxe8 $11 {[%mdl 4096] Endgame KN-KN} 25. Kg3 c6 26. f4 g6 27. f5 gxf5 28. gxf5 Ke7 29. Kf4 Nf6 30. a3 a5 31. b4 axb4 32. axb4 b6 33. h3 Kd7 34. Ke3 Ke7 35. Kf4 Kd7 36. Ke3 Ne8 37. d5 c5 38. b5 Nf6 39. Kf4 Ke7 40. Ke3 Nd7 41. Ke4 c4 42. Kd4 Kf6 $2 {[%mdl 8192]} (42... Nc5 $1 $14) 43. Ne4+ $18 {[%mdl 64] [#] Double Attack} Kxf5 44. Nxd6+ {[%mdl 64] Double Attack} Kf4 45. Nxc4 h5 46. d6 h4 {[#]} 47. Nxb6 $1 {[%mdl 576] Remove Defender, Deflection. White mates.} Nxb6 48. Kc5 Nd7+ 49. Kc6 Ne5+ 50. Kc7 Kg3 51. b6 {Accuracy: White = 79%, Black = 56%.} 1-0

[Event "DEN-chT XtraCon 2018-19"]
[Site "Denmark"]
[Date "2018.12.09"]
[Round "4"]
[White "Rewitz, Poul"]
[Black "Vinter-Schou, Uffe"]
[Result "0-1"]
[WhiteElo "2240"]
[BlackElo "2334"]
[Annotator "NA"]
[PlyCount "74"]
[EventDate "2018.10.27"]
[EventType "team-tourn"]
[EventCountry "DEN"]
[SourceTitle "playchess.com"]
[Source "ChessBase"]
[SourceQuality "1"]
[TimeControl "40/5400+30:1800+30"]

1. e4 {[%emt 0:00:00]} g6 {[%emt 0:02:25]} 2. d4 {[%emt 0:00:09]} Bg7 {[%emt 0:00:05]} 3. Nc3 {[%emt 0:00:48]} c5 {[%emt 0:05:32]} 4. d5 {[%emt 0:01:07]} d6 {[%emt 0:00:08]} 5. Nf3 {[%emt 0:02:01]} Nf6 {[%emt 0:00:18]} 6. Be2 {[%emt 0:01:14]} O-O {[%emt 0:00:08]} 7. O-O {[%emt 0:00:40]} Na6 {[%emt 0:00:07]} 8. a4 {[%emt 0:03:44]} Nb4 {[%emt 0:01:39]} 9. Bf4 {[%emt 0:06:41]} Nh5 {[%emt 0:07:49]} 10. Bg5 {[%emt 0:00:50]} h6 {[%emt 0:01:35]} 11. Be3 {[%emt 0:02:01]} b6 {[%emt 0:21:41]} 12. Qc1 {[%emt 0:08:42]} Kh7 {[%emt 0:00:21]} 13. Nb5 {[%emt 0:00:50]} f5 {[%emt 0:07:22]} 14. c3 {[%emt 0:20:59]} fxe4 {[%emt 0:01:05]} 15. cxb4 {[%emt 0:00:26]} exf3 {[%emt 0:00:44]} 16. Bxf3 {[%emt 0:00:36]} Rxf3 {[%emt 0:13:51]} 17. gxf3 {[%emt 0:00:12]} Bh3 {[%emt 0:00:21]} 18. Re1 {[%emt 0:09:23]} Qf8 {[%emt 0:01:27]} 19. f4 {[%emt 0:00:50]} Qf5 {[%emt 0:10:25]} 20. f3 {[%emt 0:01:54]} Qxd5 {[%emt 0:00:58]} 21. Kf2 {[%emt 0:04:04]} Rf8 {[%emt 0:03:25]} 22. bxc5 {[%emt 0:01:52]} bxc5 {[%emt 0:00:29]} 23. Nc3 {[%emt 0:01:24]} Qc6 {[%emt 0:05:52]} 24. Ne4 {[%emt 0:01:55]} e5 {[%emt 0:00:38]} 25. Rd1 {[%emt 0:06:04]} exf4 {[%emt 0:00:17]} 26. Bd4 {[%emt 0:00:44]} Rc8 {[%emt 0:11:43]} 27. Bxg7 {[%emt 0:01:03]} d5 {[%emt 0:00:09]} 28. Qxc5 {[%emt 0:07:36]} dxe4 {[%emt 0:01:01]} 29. Qxc6 {[%emt 0:00:18]} Rxc6 {[%emt 0:00:46]} 30. Bc3 {[%emt 0:00:46]} e3+ {[%emt 0:01:18]} 31. Ke2 {[%emt 0:00:32]} g5 {[%emt 0:00:18]} 32. Rd8 {[%emt 0:00:45]} Be6 {[%emt 0:00:50]} 33. Rad1 {[%emt 0:01:07]} g4 {[%emt 0:00:14]} 34. R1d7+ {[%emt 0:04:23]} Bxd7 {[%emt 0:00:34]} 35. Rxd7+ {[%emt 0:00:07]} Kg6 {[%emt 0:00:01]} 36. fxg4 {[%emt 0:00:28]} Nf6 {[%emt 0:00:01]} 37. Kf3 {[%emt 0:00:30]} Nxd7 {[%emt 0:00:30]} 0-1